000 01635cam a22004218a 4500
001 691927814
003 PE-LiUPU
005 20250731173603.0
008 101208s2010 dcu b 001 0 eng
020 _a0915170469
035 _a(OCoLC)691927814
040 _aDLC
_cPE-LiUPU
_dPE-LiUPU
_bspa
_erda
049 _aEXNs
050 0 0 _aBS1605.52
_b.M85 2010
082 0 0 _a224.9206
_223
_bM954i
100 1 _aMuldoon, Catherine L.,
_d1971-
_eautor.
245 1 0 _aIn defense of divine justice :
_ban intertextual approach to the book of Jonah /
_cpor Catherine L. Muldoon.
264 _aWashington, DC :
_bCatholic Biblical Association of America,
_cc2010.
300 _aviii, 191 páginas ;
_c23 cm.
490 0 _aThe Catholic biblical quarterly monograph series ;
_v47.
500 _aRevision of the author's thesis (doctoral--Boston College, 2009)
504 _aIncluye bibliografía (p. [153]-180) e índices.
505 _aProblems and premises in the interpretation of Jonah -- Dating Jonah : historical, literary, and linguistic analysis -- Thematic parallels between Jonah and Malachi -- Jonah ben Amittai in 2 Kings and in Jonah -- Prophetic imagery in Jonah 4 and the fate of Nineveh.
526 _aSEG42
526 _aSEG41
526 _aSEG40
526 _aSEG39
526 _aP94
526 _aP87
526 _aP86
526 _aP85
526 _aP77
526 _aP76
526 _aP35
630 1 4 _aBiblia.
_pJonás
_xCrítica, interpretación, etc.
_9589
942 _2ddc
_cBK
_n0
980 _618226
_aJaime Vilcazán Jefe de Análisis Documental
_81
_gALBERTO SANCHEZ Responsable de Automatización
999 _c62878
_d62877